[Event "Belem Velha op 2nd"]
[Site "Belem"]
[Date "2015.02.13"]
[Round "1"]
[White "Folha, Matheus Serrao"]
[Black "Cavalheiro, Alvancir Elves"]
[Result "1/2-1/2"]
[WhiteElo "1764"]
[BlackElo "1911"]
[PlyCount "102"]
[EventDate "2015.02.13"]
[EventType "swiss"]
[EventRounds "9"]
[EventCountry "BRA"]
[SourceTitle "CBM 164 Extra"]
[Source "ChessBase"]
[SourceDate "2015.03.02"]
[SourceVersion "1"]
[SourceVersionDate "2015.03.02"]
[SourceQuality "1"]

1. e4 c5 2. d4 cxd4 3. Nf3 Nc6 4. Nxd4 d6 5. Nc3 a6 6. Be3 Nf6 7. Qd2 g6 8. f3 Bg7 9. Bc4 Qc7 10. Bb3 b5 11. 0-0-0 Bb7 12. Bh6 Bxh6 13. Qxh6 Na5 14. Nd5 Bxd5 15. Bxd5 Rc8 16. Qg7 Rf8 17. Rd2 Nc4 18. Bc6+ Nd7 19. Re2 Nce5 20. Bxd7+ Nxd7 21. Qxh7 Qc4 22. Rd2 Qxa2 23. Rdd1 e5 24. Ne2 Qa1+ 25. Kd2 Qxb2 26. Rc1 Nb6 27. Qh3 Nc4+ 28. Ke1 Qb4+ 29. c3 Qc5 30. Rd1 Ke7 31. Qh4+ Kd7 32. Qh3+ Kc7 33. Rd5 Qb6 34. f4 exf4 35. Nxf4 Qe3+ 36. Qxe3 Nxe3 37. Rd2 Rfd8 38. Ke2 Nc4 39. Nd5+ Kb7 40. Ra2 Ra8 41. Rf1 Ne5 42. Rfa1 Rdc8 43. Kd2 Nc4+ 44. Kd3 g5 45. Rb1 Kc6 46. Ne7+ Kb6 47. Nxc8+ Rxc8 48. Rf1 Rc7 49. Rf6 a5 50. h4 b4 51. cxb4 axb4 1/2-1/2